000 004490000a22001810004500
003 MACL
005 20151023093434.0
008 151023b xxu||||| |||| 00| 0 eng d
040 _aMACL
_cMACL
041 _aEnglish
082 _a954/WAK
100 _aWakhlli S N
_916238
245 _aHabba Khatoon
_bNightingale Of Kashmir
260 _bSouth Asia Publications
_c1994
_aDelhi
350 _a100
650 _aHistory
_916239
942 _cBK
_k954
_2ddc
999 _c1624
_d1624